00852naa a2200181 i 45000010005000000030009000050050017000140080039000310400021000700800007000911000116000982450088002146500013003026500017003157730310003329420013006429990015006559188KOSZ 00520180320110645.0151123s2009 pl n f |000 0pol cBPKdKOSZ 005/EG a371 aSKRZYPNIAK, Ryszard.d1996 - .bPolitechnika Koszalińska - Wydział Mechaniczny,cKatedra Nauk Pedagogicznych10aMiłość małżeńska w systemie aksjologicznym rodziny /cRyszard Skrzypniak. 0aRodzina. 0aMiłość.0 iW :tMiłość w życiu człowieka : przyczynek do rozważań o budowie "Cywilizacji miłości" / red. nauk. Krzysztof K. Przybycień ; Katolicki Uniwersytet Lubelski Jana Pawła II. Wydział Zamiejscowy Nauk o Społeczeństwie w Stalowej Woli. -dStalowa Wola : Fundacja Campus, 2008. -gs. 63-78 cROZ2UKD c9188d9188